Tres revoluciones (Record no. 171642)
[ view plain ]
| 000 -LEADER | |
|---|---|
| campo de control de longitud fija | 00633nam a22001695i 4500 |
| 001 - NÚMERO DE CONTROL | |
| campo de control | 171642 |
| 003 - IDENTIFICADOR DE NÚMERO DE CONTROL | |
| campo de control | ES-MaACL |
| 005 - FECHA Y HORA DE LA ÚLTIMA TRANSACCIÓN | |
| campo de control | 20250604062633.0 |
| 008 - DATOS DE LONGITUD FIJA--INFORMACIÓN GENERAL | |
| campo de control de longitud fija | 090525s1917 sp |||| | spa d |
| 100 1# - ENTRADA PRINCIPAL--NOMBRE DE PERSONA | |
| Nombre de persona | Soldevilla, Fernando, |
| Fechas asociadas al nombre | 1854-1931 |
| 9 (RLIN) | 107114 |
| 245 10 - MENCIÓN DEL TÍTULO | |
| Título | Tres revoluciones |
| Resto del título | : (apuntes y notas) : las juntas de defensa : la asamblea parlamentaria : la huelga general / |
| Mención de responsabilidad, etc. | Fernando Soldevilla. |
| 260 ## - PUBLICACIÓN, DISTRIBUCIÓN, ETC. | |
| Lugar de publicación, distribución, etc. | [S.l. : |
| Nombre del editor, distribuidor, etc. | s.n.], |
| Fecha de publicación, distribución, etc. | 1917 ( |
| Lugar de fabricación/manufactura | Madrid : |
| Fabricante | Imp. de Julio Cosano) |
| 300 ## - DESCRIPCIÓN FÍSICA | |
| Extensión | VII, 240 p. ; |
| Dimensiones | 23 cm. |
| 651 #4 - PUNTO DE ACCESO ADICIONAL DE MATERIA--NOMBRE GEOGRÁFICO | |
| Nombre geográfico | España- |
| Subdivisión general | Historia- |
| Subdivisión cronológica | 1902-1931, Alfonso XIII |
| 9 (RLIN) | 8276 |
| 852 ## - LOCALIZACIÓN | |
| Ubicación | ES-MaACL |
| Número de control de estantería | F-11126 |
| Estatus retirado | Estado de pérdida | Estado de daño | No para préstamo | Biblioteca de origen | Biblioteca actual | Ubicación en estantería | Fecha de adquisición | Fuente de adquisición | Total de préstamos | Signatura topográfica completa | Código de barras | Visto por última vez | Precio de reemplazo | Tipo de ítem Koha |
|---|---|---|---|---|---|---|---|---|---|---|---|---|---|---|
| Biblioteca del Ateneo de Madrid | Biblioteca del Ateneo de Madrid | Sala Pecera Planta 2 | 25/05/2009 | F-11126 | 1180126 | 23/02/2023 | 23/02/2023 | Libro impreso |
